| 000 | 00566nam a22002057a 4500 | ||
|---|---|---|---|
| 999 |
_c6063 _d6063 |
||
| 001 | 2773 | ||
| 003 | BD-DhUAP | ||
| 005 | 20201224113246.0 | ||
| 008 | 201224s1997 ii ||||| |||| 00| 0 eng d | ||
| 020 | _a817024210x | ||
| 040 |
_aBD-DhUAP _bEng _cBD-DhUAP _dBD-DhUAP |
||
| 082 |
_223 _a628.5 SRI |
||
| 100 | _aSrivastava, Yogendra N. | ||
| 245 |
_aEnvironmental pollution / _cYogendra N. Srivastava. |
||
| 260 |
_aNew Delhi : _bAPH Pub., _cc1997. |
||
| 300 |
_avii, 84 pages ; _c23 cm. |
||
| 650 |
_a Air _vPollution. |
||
| 650 | _aPollution. | ||
| 942 |
_2ddc _cBK |
||